| 000 | 00773nam a22002177a 4500 | ||
|---|---|---|---|
| 003 | DO-SdBNP | ||
| 005 | 20210909113735.0 | ||
| 007 | ta | ||
| 008 | 210909b 2019 dr 00| 0 eng d | ||
| 020 | _a9789945597639 | ||
| 040 |
_aDO-SdBNP _bspa _cBNPHU |
||
| 100 | 1 | _4González Martínez, P. Víctor | |
| 245 | 1 |
_aDesafio del amor : _bpara una experiencia espiritual de la comunión conyugal y familiar / _cP. Víctor González Martínez |
|
| 260 |
_aSanto Domingo : _bAmigo del Hogar, _c2019. |
||
| 300 |
_a230 p. _c22 cm. |
||
| 500 | _aIncluye datos biográficos del autor en la solapa de la contracubierta | ||
| 500 | _aIncluye referencias bibliográficas y notas al pie de las páginas | ||
| 504 | _aBibliografías : p. 219-230 | ||
| 910 | _aBtavárez | ||
| 942 |
_2ddc _cLBS1 |
||
| 999 |
_c50452 _d50452 |
||